000 01109nam a22003252a 4500
001 30258
003 BD-RjUL
005 20211209051533.0
008 140409s1946 nyua b 001 0 eng d
035 _a(BD-RjUL)30343
040 _aDLC
_cDLC
_dIUD
_dOCL
_dEQO
_dBD-RjUL
_beng
041 _aeng
082 _a136.7
_bGEC 1946
096 _aWS 105 G389c 1946
100 1 _aGesell, Arnold,
_d1880-1961.
_944163
245 1 4 _aThe child from five to ten /
_cby Arnold Gesell [and] Frances L. Ilg in collaboration with Louise Bates Ames [and] Glenna E. Bullis
260 _aNew York and ;
_aLondon :
_bHarper & Brothers,
_cc1946
300 _axii p., 1 l., 475 p.
_bill. ;
_c25 cm
500 _a"First edition."
504 _a"References and readings": p. 455-458
504 _aIncludes index.
650 0 _aChild development
_991990
650 0 _aChild development
_991991
650 2 _aChild Guidance
_916194
700 1 _aIlg, Frances L.
_q(Frances Lillian),
_d1902-1981
_991992
700 1 _aAmes, Louise Bates.
_944166
700 1 _aBullis, Glenna E.
_991993
942 _2ddc
_cBK
999 _c30258
_d30258